Hidrogeomorfología de la cuenca alta del río Sauce Grande aplicada al peligro de crecidas /

Guardado en:
Otros Autores: Gil, Verónica. (Disertante), Campo, Alicia María. (Orientador)
Formato: Manuscrito
Idioma:Spanish
Publicado: 2010.
Materias:
Acceso en línea:Texto completo
Etiquetas: Agregar Etiqueta
Sin Etiquetas, Sea el primero en etiquetar este registro!
LEADER 01428ntm a22003015a 4500
001 EUN.eunm003276
008 100825s2010####ag#######bm###000#0#spa#d
005 20250217103916.0
245 1 0 |a Hidrogeomorfología de la cuenca alta del río Sauce Grande aplicada al peligro de crecidas /  |c Verónica Gil. 
260 |c 2010. 
300 |a 2 v. :  |b il. (principalmente col.) ;  |c 30 cm. 
500 |a "Tesis Doctoral en Geografía". 
500 |a Director de tesis: Alicia M. Campo. 
502 |a Tesis (doctoral)--Universidad Nacional del Sur. Departamento de Geografía, 2009. 
504 |a Incluye referencias bibliográficas al final del v.2. 
530 |a Disponible también en formato digital. 
100 1 |a Gil, Verónica.  |4 dis 
700 1 |a Campo, Alicia María.  |4 ths 
710 2 |a Universidad Nacional del Sur.  |b Departamento de Geografía  |4 dgg. 
082 0 4 |a 040  |2 15 
650 7 |a Geomorfología.  |2 unbist 
650 7 |a Cuencas.  |2 unbist 
651 7 |a Laguna Sauce Grande (Argentina)  |2 AR-BaUNS 
856 4 1 |3 Texto completo  |u https://repositoriodigital.uns.edu.ar/handle/123456789/2069 
859 |a AR-BaUNS  |b Dto. Geografia  |h 040  |i B148 2010-1021  |p 121622/010  |v v.1  |3 v.1 
859 |a AR-BaUNS  |b BIB. CENTRAL - Tesis  |h 040  |i B148 2010-1021  |k R  |p 121620/010  |v v.1  |3 v.1 
859 |a AR-BaUNS  |b Dto. Geografia  |h 040  |i B148 2010-1021  |p 121623/010  |v v.2  |3 v.2 
859 |a AR-BaUNS  |b BIB. CENTRAL - Tesis  |h 040  |i B148 2010-1021  |k R  |p 121621/010  |v v.2  |3 v.2